000 01187nam a2200241Ii 4500
003 JO-AjNU
005 20240630103920.0
008 230605s9999||||xx |||||||||||||| ||und||
040 _aJO-AjNU
_bara
_erda
_cJO-AjNU
041 _aara
050 1 4 _aLC4704.2022
100 1 _aعبدالكريم، آلاء اسعد
_eمعد
_965931
245 0 0 _aاساليب المعاملة الوالدية وعلاقتهما بالتنمر لدى الطلبة ذوي صعوبات التعلم = Parental Treatment Styles and Their Relationship to Bullying Among Students With Learning Disabilities /
_cاعداد آالاء اسعد عبد الكريم ؛ إشراف نايف علي وحشة
260 _c2022
300 _a89 ورقة
336 _atext
_btxt
_2rdacontent
337 _aunmediated
_bn
_2rdamedia
338 _avolume
_bnc
_2rdacarrier
500 _aرسالة جامعية(اطروحة ماجستير) تخصص صعوبات التعلم/كلية العلوم التربوية، جامعة عجلون الوطنية، 2022
650 4 _aالتنمر-الوالدين-صعوبات التعلم
_963312
700 1 _aوحشة، نايف علي
_965933
_eمشرف
942 _2lcc
_cTHS
999 _c32278
_d32278